Score 0/16 Timer 05:00
0 Plays Today
Scrambled Word or Phrase Word or Phrase % Correct
ENB-RUHBen-Hur
95.1%
KNUP OCRKPunk Rock
88.7%
TREEP ANPPeter Pan
84.8%
ERD AHNCIRed China
79.7%
OH HIC NIHMHo Chi Minh
78.4%
AYB FO SIPG VASINNOIBay of Pigs Invasion
73%
EJO GAMIDIOGJoe DiMaggio
71.7%
GRAUS AYRSugar Ray
69.1%
Scrambled Word or Phrase Word or Phrase % Correct
GRIBED NO HET ERRVI WAKIBridge on the River Kwai
66.7%
HIBRT LTONCORBirth Control
63%
OOOCTKSDWWoodstock
61.1%
RETGEATWAWatergate
54.4%
LBEGAINS NI ETH GONOCBelgians in the Congo
46.1%
Common Theme:They didn't start the fire
27.1%
SEELSHOM SEVTHomeless Vets
26.9%
SHIBIRT MANBLEATIAEBritish Beatlemania
15%
Remove Ads.
Support Sporcle.
Get the best of Sporcle when you Go Orange. This ad-free experience offers more features, more stats, and more fun while also helping to support Sporcle. Thank you for becoming a member.

You're not logged in!

Compare scores with friends on all Sporcle quizzes.
OR
Log In

Show Comments

Extras

Top Quizzes Today


Score Distribution

Your Account Isn't Verified!

In order to create a playlist on Sporcle, you need to verify the email address you used during registration. Go to your Sporcle Settings to finish the process.

Report this User

Report this user for behavior that violates our Community Guidelines.

Details: